Data Communications and Networking Fundamentals Using Novell Netware (4.11) (Record no. 1118)
[ view plain ]
| 000 -LEADER | |
|---|---|
| fixed length control field | 01190cam a22001934a 4500 |
| 005 - ΗΜΕΡΟΜΗΝΙΑ ΚΑΙ ΩΡΑ ΤΕΛΕΥΤΑΙΑΣ ΕΝΗΜΕΡΩΣΗΣ | |
| Πεδίο ελέγχου | 20250605163958.0 |
| 008 - FIXED-LENGTH DATA ELEMENTS--GENERAL INFORMATION | |
| Πεδίο ελέγχου σταθερού μήκους | 250528s ||||||||||||||||||||||||d |
| 035 ## - SYSTEM CONTROL NUMBER | |
| System control number | 15544 |
| 020 ## - ISBN | |
| ISBN | 13590078 |
| 040 ## - ΠΗΓΗ ΚΑΤΑΛΟΓΟΓΡΑΦΗΣΗΣ | |
| Φορέας πρωτότυπης καταλογογράφησης | MC Athens Campus Library |
| Γλώσσα καταλογογράφησης | Ελληνικά, Μοντέρνα (1453-) |
| Modifying agency | MC Athens Campus Library |
| Κανόνες περιγραφικής καταλογογράφησης | AACR2 |
| 245 1# - ΤΙΤΛΟΣ ΚΑΙ ΔΗΛΩΣΗ ΥΠΕΥΘΥΝΟΤΗΤΑΣ | |
| Τίτλος | Data Communications and Networking Fundamentals Using Novell Netware (4.11) |
| 260 ## - PUBLICATION, DISTRIBUTION, ETC. | |
| Name of publisher, distributor, etc. | Prentice Hall, |
| Date of publication, distribution, etc. | 1999 |
| 300 ## - PHYSICAL DESCRIPTION | |
| Extent | 500 |
| 520 ## - SUMMARY, ETC. | |
| Summary, etc. | This book consists of 16 chapters that provide the essential terminology and concepts for understanding data communications and networking. Introduction to Communication Concepts, Basic Communication Concepts and Hardware, Advanced Communication Hardware, Communication Media, Network Basis, Local Area Networks, Network Design Fundamentals, Introduction to Novell NetWare 4, NetWare 4 Installation, Novell Directory Services, Creating the User Account and Mappings and Logic Scripts, File System Security and Organization, Network Printing, NDS Security, Backing Up NetWare 4.11, Troubleshooting Methodology and Tidbits, Where to Get Product Information and Technical Support, Glossary, Index. |
| 700 1# - ΠΡΟΣΘΕΤΗ ΑΝΑΓΡΑΦΗ--ΦΥΣΙΚΟ ΠΡΟΣΩΠΟ | |
| Personal name | Beheler Ann |
| 9 (RLIN) | 1499 |
| 942 ## - ADDED ENTRY ELEMENTS (KOHA) | |
| Koha item type | Books |
| Τύπος τεκμηρίου | Βιβλιοθήκη | Τρέχουσα τοποθεσία | Barcode | Αριθμός εισαγωγής | Ημερομηνία απόκτησης | Ταξιθετικό σύμβολο | Αριθμός αντιτύπου | Κατάσταση απόσυρσης | Κατάσταση χαμένου | Κατάσταση κατεστραμμένου | Μη δανεισμός | Σύνολο δανεισμών | Ημερομηνία τελευταίας εμφάνισης | Η τιμή ισχύει από |
|---|---|---|---|---|---|---|---|---|---|---|---|---|---|---|
| Books | MC Athens Campus Library | MC Athens Campus Library | 9780000011176 | 1891 | 05/06/2025 | 004.6 BEH | 1 | 05/06/2025 | 05/06/2025 |